Normal view
MARC view
Entry Personal Name
001 - CONTROL NUMBER
- control field: 1192175
003 - CONTROL NUMBER IDENTIFIER
- control field: OSt
005 - DATE AND TIME OF LATEST TRANSACTION
- control field: 20260324133211.0
008 - FIXED-LENGTH DATA ELEMENTS
- fixed length control field: 260324|| aca||aabn | a|a d
040 ## - CATALOGING SOURCE
- Original cataloging agency: OSt
- Transcribing agency: OSt
100 ## - HEADING--PERSONAL NAME
- Personal name: Steven M. Janosik; Don G. Creamer; Roger B. Winston; Diane L. Cooper; Sue A. Saunders; Joan B. Hirt
670 ## - SOURCE DATA FOUND
- Source citation: Work cat.: (OSt)1791020: Steven M. Janosik; Don G. Creamer; Roger B. Winston; Diane L. Cooper; Sue A. Saunders; Joan B. Hirt, Supervising New Professionals in Student Affairs
